000 00663nam a2200265Ia 4500
005 20260121170537.0
008 008 260114s9999 xx 000 0 eng d
020 _a9783319765297
037 _aEBOOK
040 _aCRL
040 _beng
040 _cCRL
041 _2eng
041 _aeng
084 _qCRL
100 _aMichael Dickmann, Vesa Suutari, Olivier Wurtz
_91065186
245 4 _aThe Management of Global Careers
260 _bSpringer
260 _bSpringer
260 _c2018
856 _uhttps://link.springer.com/openurl?genre=book&isbn=978-3-319-76529-7
942 _cEBOOK
999 _c1630916
_d1630916